| 000 | 00435nam a2200157Ia 4500 | ||
|---|---|---|---|
| 008 | 210716s2011 xx 000 0 und d | ||
| 020 | _a9788131512838 | ||
| 041 | _aeng | ||
| 082 | _a658.8342 HOYW | ||
| 100 | _aHoyer, Wayne D; Macinnis, Deborah J. | ||
| 245 |
_aConsumer behavior: a marketers tool. _bMarketers tool. |
||
| 250 | _a1 | ||
| 260 |
_aNew Delhi _bCengage Learning _c2011 |
||
| 300 | _a634 | ||
| 650 | _aConsumer Behavior | ||
| 999 |
_c208424 _d208424 |
||